Estado liberal de derecho y estado social de derecho

Збережено в:
Бібліографічні деталі
Автор: Lucas Verdú, Pablo (autor)
Формат: Книга
Мова:Іспанська
Опубліковано: Salamanca Universidad de Salamanca 1955
Серія:Acta salmanticensia
Предмети:
Теги: Додати тег
Немає тегів, Будьте першим, хто поставить тег для цього запису!

MARC

LEADER 00000nam a2200000 a 4500
001 UCS8409
003 CL-VaPUC
008 971031e19550000SP |||||||||||||||||spa|d
082 0 4 |a 320.1  |b VER  |2 21 
100 |a Lucas Verdú, Pablo   |e autor  |9 393280 
245 1 0 |a Estado liberal de derecho y estado social de derecho 
300 |a 80 p 
942 |c BK 
945 |d 19971031 00:00:00  |a aolguin 
260 |a Salamanca  |b Universidad de Salamanca  |c 1955 
650 0 |a Estado de derecho  |9 257795 
650 0 |a Liberalismo  |9 255715 
650 7 |a ESTADO SOCIAL  |2 CL-VaPUC  |9 383948 
650 7 |a DERECHO  |2 CL-VaPUC  |9 393281 
650 0 |a Democracia  |9 255256 
651 0 |a Estados Unidos  |9 255178 
651 7 |a OCCIDENTE  |2 CL-VaPUC  |9 321906 
583 |a last modification  |c 19971031 00:00:00  |k Rodrigo Vera 
490 0 |a Acta salmanticensia 
999 |c 262838  |d 262836 
952 |0 0  |1 0  |4 0  |6 320_100000000000000_VER_1955  |7 0  |8 A  |9 291741  |a BIBDER  |b BIBDER  |d 2019-11-19  |i 1897977  |o 320.1 VER 1955  |p 1897977  |r 2023-01-25  |w 2019-11-19  |y BK  |k DER